| 000 | 01016nam a2200241 i 4500 | ||
|---|---|---|---|
| 001 | 190352 | ||
| 003 | SpMaBN | ||
| 005 | 20240410102411.0 | ||
| 008 | 201111s1976 sp |||| | spa d | ||
| 080 | _a371.14(8.03)(043.2) | ||
| 100 | 1 |
_aOliveros Alonso, Ángel. _9170749 |
|
| 245 | 1 | 3 |
_aLa formación de profesores en América Latina / _cÁngel Oliveros Alonso. |
| 260 |
_aBarcelona : _bUniversidad de Barcelona, [Facultad de Filosofía y Letras], _c1976. |
||
| 300 |
_a19 p. ; _c24 cm. |
||
| 502 | _aTesis-Univ. Barcelona (Extracto) | ||
| 594 | _aPrecede al tít.: Universidad de Barcelona. Secretariado de Publicaciones, Intercambio Científico y Extensión Universitaria. | ||
| 650 | 4 |
_aProfesores- _xFormación profesional- _zAmérica Latina. _9170750 |
|
| 655 |
_aTesis y escritos académicos _9226867 |
||
| 710 | 2 |
_aUniversidad de Barcelona. _bFacultad de Filosofía y Letras. _97149 |
|
| 852 | 4 |
_aES-MaACL _jP-1415 (104) _9197560 _bR.68610 _cDEPO2 |
|
| 942 | _2udc | ||
| 999 |
_c190352 _d190352 |
||